Tecnología y multinacionales

Na minha lista:
Detalhes bibliográficos
Autor principal: Baranson, Jack
Formato: Texto
Publicado em: Buenos Aires: Tres Tiempos
Tags: Adicionar Tag
Sem tags, seja o primeiro a adicionar uma tag!

MARC

LEADER 00000 a a2200000 04500
001 23852
003
040
090 |a 164300  
100 |a Baranson, Jack  
245 |a Tecnología y multinacionales  
260 |a Buenos Aires:   |b Tres Tiempos  
300 |a 223 p   |b **no definido**  
999 |c 6394  |d 6394